000 00303nam a22001337a 4500
008 170911b xxu||||| |||| 00| 0 eng d
020 _a9780321595218
041 _aeng
080 _26TH
_a91
100 _a42
101 _aGJEO
245 _aELEMENTAL GEOSYSTEMS
_cCHRISTOPHERSON,R.W
942 _2udc
_cBK
999 _c26977
_d26977